[Event "SR 4. liga A21 2010/2011"]
[Site "?"]
[Date "2011.01.23"]
[Round "7.1"]
[White "Kubik, Peter"]
[Black "Harasta, Juraj"]
[Result "1-0"]
[WhiteElo "1630"]
[BlackElo "1706"]
[PlyCount "155"]
[EventDate "2010.??.??"]

1. e4 e5 2. Nf3 Nc6 3. Bb5 a6 4. Ba4 Bc5 5. Nxe5 Nxe5 6. d4 Bb4+ 7. c3 Ba5 8.
dxe5 Qe7 9. Qd5 Bb6 10. Nd2 c6 11. Qd6 Bc5 12. Qxe7+ Nxe7 13. b4 Bb6 14. Nc4
Bc7 15. Nd6+ Kf8 16. Bb3 Ng6 17. Nxf7 Bxe5 18. Bd2 Rg8 19. Nxe5 Nxe5 20. Bxg8
Kxg8 21. Ke2 d6 22. Bf4 Be6 23. Bxe5 dxe5 24. Rhd1 h5 25. Rd6 Kf7 26. a3 Ke7
27. Rad1 Rf8 28. Ke3 g5 29. h3 Rg8 30. c4 Rf8 31. c5 Rg8 32. Rh1 Rf8 33. h4 g4
34. g3 Rf3+ 35. Ke2 Bc4+ 36. Kd2 Rxf2+ 37. Kc3 Be6 38. Rhd1 Rf8 39. R1d2 Rf3+
40. R6d3 Rf8 41. a4 Ra8 42. b5 axb5 43. axb5 Ra5 44. Rb2 cxb5 45. Kb4 Ra4+ 46.
Kxb5 Rxe4 47. Rc3 Bd7+ 48. Kb6 Bc6 49. Kc7 Rd4 50. Rf2 Bf3 51. Rb2 Rd7+ 52. Kb6
Ke6 53. Ra2 Rd8 54. Ra7 Rd7 55. Ra8 Kf7 56. Rh8 Kg6 57. Rg8+ Rg7 58. Rxg7+ Kxg7
59. Kc7 Kf6 60. Kd6 Kf5 61. Ra3 Bc6 62. Ra8 e4 63. Rf8+ Kg6 64. Rf2 Bb5 65. Rb2
Bc6 66. Ke5 Kh6 67. Kf4 Kg6 68. Rd2 Kf6 69. Rd6+ Kg7 70. Re6 Kh7 71. Kg5 Kg7
72. Re7+ Kf8 73. Kf6 Kg8 74. Re5 Kf8 75. Rxh5 Kg8 76. Re5 Kh7 77. Kg5 Kg7 78.
Kxg4 1-0

[Event "SR 4. liga A21 2010/2011"]
[Site "?"]
[Date "2011.01.23"]
[Round "7.2"]
[White "Beran, Jan ml"]
[Black "Vagovic, Milan"]
[Result "0-1"]
[WhiteElo "1896"]
[BlackElo "1667"]
[PlyCount "192"]
[EventDate "2010.??.??"]

1. e4 e5 2. Nf3 Nc6 3. c4 Nf6 4. Nc3 Bc5 5. h3 d6 6. g3 a6 7. Bg2 Be6 8. d3 h6
9. O-O O-O 10. Kh2 Rb8 11. Nd5 Nb4 12. Nxf6+ Qxf6 13. a3 Nc6 14. b4 Ba7 15. Be3
Bxe3 16. fxe3 Qd8 17. Qe2 Ne7 18. Rad1 Qc8 19. d4 Ng6 20. c5 Bd7 21. Qb2 f6 22.
cxd6 cxd6 23. Rc1 Qd8 24. Nd2 b5 25. Nb3 Qb6 26. Rc3 Rfc8 27. Rd3 Rc7 28. Rfd1
Be6 29. d5 Bd7 30. h4 Rbc8 31. R1d2 Ne7 32. Qa2 Rc3 33. Nc5 Rxd3 34. Rxd3 Bg4
35. Bh3 Bxh3 36. Kxh3 Kh8 37. Nb3 Qc7 38. Na5 Qc1 39. Qg2 Rc2 40. Nb3 Qb2 41.
Nd2 Nc8 42. Qe2 Nb6 43. Qh5 Rc8 44. Qd1 Rc3 45. Rxc3 Qxc3 46. Qh5 Qc8+ 47. Qg4
Qxg4+ 48. Kxg4 Nc4 49. Nb3 Nxa3 50. Nc5 Kg8 51. Nxa6 Nc2 52. Kf3 Kf7 53. Ke2
Ke7 54. Kd2 Na3 55. Nc7 g5 56. h5 Kd7 57. Ne6 Nc4+ 58. Kd3 Nb2+ 59. Ke2 Na4 60.
Ng7 Ke7 61. Nf5+ Kf8 62. Nxh6 Nb6 63. g4 Nc8 64. Nf5 Kf7 65. Kd3 Kf8 66. Ng3
Kf7 67. Ne2 Kf8 68. Nc3 Na7 69. Kc2 Kf7 70. Kb3 Kg7 71. Nxb5 Nxb5 72. Ka4 Nc3+
73. Ka5 Nxe4 74. b5 f5 75. b6 Nc5 76. gxf5 g4 77. Kb5 g3 78. Kc6 g2 79. Kxd6
Nb7+ 80. Kc6 Na5+ 81. Kb5 Nb7 82. Kc6 Nd8+ 83. Kc7 g1=Q 84. Kxd8 Qxe3 85. b7
Qg5+ 86. Kc7 Qe7+ 87. Kb6 Qb4+ 88. Kc7 Qc5+ 89. Kd7 Qxd5+ 90. Kc7 Qb5 91. b8=Q
Qxb8+ 92. Kxb8 e4 93. Kc7 e3 94. Kd7 e2 95. h6+ Kxh6 96. f6 e1=Q 0-1

[Event "SR 4. liga A21 2010/2011"]
[Site "?"]
[Date "2011.01.23"]
[Round "7.2"]
[White "Kupkovic, Miroslav"]
[Black "Tokos, Rastislav"]
[Result "1/2-1/2"]
[WhiteElo "1818"]
[BlackElo "1933"]
[PlyCount "51"]
[EventDate "2010.??.??"]

1. d4 d5 2. c4 dxc4 3. Qa4+ Nc6 4. e3 Nf6 5. Bxc4 e6 6. Ne2 Nd5 7. Bb5 Bd7 8.
a3 Nb6 9. Qc2 Na5 10. Bxd7+ Qxd7 11. Nbc3 Rc8 12. b3 c5 13. Bb2 cxd4 14. Nxd4
Nc6 15. Ndb5 Nb4 16. Qd2 Nd3+ 17. Ke2 Nxb2 18. Qxb2 a6 19. Nd4 Bc5 20. Nf3 O-O
21. Rhd1 Qc6 22. Rac1 Be7 23. Kf1 Bf6 24. Nd4 Bxd4 25. Rxd4 Nd5 26. Rc4 1/2-1/2

[Event "SR 4. liga A21 2010/2011"]
[Site "?"]
[Date "2011.01.23"]
[Round "7.2"]
[White "Palka, Martin"]
[Black "Slaby, Marian"]
[Result "1-0"]
[WhiteElo "1855"]
[BlackElo "1855"]
[PlyCount "67"]
[EventDate "2010.??.??"]

1. e4 e6 2. d4 d5 3. e5 c5 4. c3 Nc6 5. Nf3 cxd4 6. cxd4 Bb4+ 7. Nc3 Nge7 8.
Be3 Nf5 9. a3 Nxe3 10. fxe3 Be7 11. Bd3 Bh4+ 12. g3 Bg5 13. Qe2 a6 14. b4 b5
15. O-O Bb7 16. Nd2 Rc8 17. Rac1 O-O 18. Nb3 Be7 19. Qh5 g6 20. Qg4 Bg5 21. Rf3
Kg7 22. Nc5 Rc7 23. h4 Be7 24. h5 g5 25. h6+ Kh8 26. Rcf1 Bxc5 27. bxc5 Nxe5
28. dxe5 d4 29. Ne4 dxe3 30. Rxe3 Bxe4 31. Qxe4 f5 32. exf6 Qd5 33. Qxd5 exd5
34. Re7 1-0

[Event "SR 4. liga A21 2010/2011"]
[Site "?"]
[Date "2011.01.23"]
[Round "7.2"]
[White "Piestansky, Jan"]
[Black "Beran, Jan st"]
[Result "1/2-1/2"]
[WhiteElo "1587"]
[BlackElo "1720"]
[PlyCount "106"]
[EventDate "2010.??.??"]

1. e4 e5 2. Nf3 d6 3. h3 Be7 4. Bc4 Nf6 5. d3 O-O 6. c3 h6 7. O-O Nc6 8. Bb3 a6
9. Be3 Kh8 10. Nbd2 Nh7 11. Nh2 f5 12. f4 fxe4 13. dxe4 exf4 14. Bxf4 Bf6 15.
Ng4 Bxg4 16. Qxg4 Qe7 17. Bc2 Ne5 18. Bxe5 Bxe5 19. Rf5 Rxf5 20. Qxf5 Rf8 21.
Qg4 Nf6 22. Qe2 Nd7 23. Rf1 Rxf1+ 24. Qxf1 Qf6 25. Nf3 Bf4 26. Qc4 c6 27. Bb3
Qf8 28. Qe6 Nc5 29. Qc4 Nxb3 30. Qxb3 Qe7 31. Qc2 Qe6 32. b3 Qf6 33. Qd3 Be5
34. c4 Qf4 35. Nxe5 Qxe5 36. Qe2 Kg8 37. Kf2 Kf7 38. Qf3+ Qf6 39. Ke3 Ke7 40.
Qxf6+ Kxf6 41. h4 Ke5 42. a4 a5 43. g3 h5 44. Kd3 b6 45. Ke3 g6 46. Kd3 Kf6 47.
Ke3 g5 48. Kf3 gxh4 49. gxh4 Ke5 50. Ke3 Ke6 51. Kf4 Kf6 52. Kf3 Ke5 53. Ke3
Kf6 1/2-1/2

[Event "SR 4. liga A21 2010/2011"]
[Site "?"]
[Date "2011.01.23"]
[Round "7.2"]
[White "Slaby, Jozef"]
[Black "Lanik, Miroslav"]
[Result "0-1"]
[WhiteElo "1865"]
[BlackElo "1871"]
[PlyCount "112"]
[EventDate "2010.??.??"]

1. d4 d5 2. c4 c6 3. e3 Nf6 4. Bd3 e6 5. Nf3 dxc4 6. Bxc4 Nbd7 7. Nbd2 b5 8.
Be2 Bd6 9. a3 Bb7 10. b4 a5 11. bxa5 Qxa5 12. O-O O-O 13. Bb2 Rfe8 14. Nb3 Qb6
15. Qd2 Rad8 16. Rfc1 e5 17. Qc2 Rc8 18. Nc5 exd4 19. Nxb7 Qxb7 20. Nxd4 Ne5
21. Nf5 Bf8 22. Qb3 Qd7 23. Ng3 Qd5 24. Qc2 Qe6 25. Rd1 Red8 26. Qc3 Ned7 27.
Rac1 Nd5 28. Qd4 N7f6 29. Bf3 c5 30. Qd2 c4 31. Qa5 Qb6 32. Qxb6 Nxb6 33. Rxd8
Rxd8 34. Bxf6 gxf6 35. Ne4 Bxa3 36. Rc2 Kg7 37. h4 b4 38. Ra2 f5 39. Ng3 Kf6
40. Ne2 Na4 41. Nd4 Nb2 42. Ra1 c3 43. g4 fxg4 44. Be4 h5 45. Kf1 Nc4 46. Ke2
Nd2 47. Bd3 Nf3 48. Nb3 Nxh4 49. Nc5 Nf3 50. Ne4+ Ke5 51. Nc5 c2 52. Nb3 Rc8
53. Nc1 Bxc1 54. Rxc1 b3 55. Bh7 Rd8 56. Bxc2 Rd2+ 0-1

[Event "SR 4. liga A21 2010/2011"]
[Site "?"]
[Date "2011.01.23"]
[Round "7.3"]
[White "Kavon, Rastislav"]
[Black "Orvisky, Vladimir"]
[Result "0-1"]
[WhiteElo "1699"]
[BlackElo "1845"]
[PlyCount "52"]
[EventDate "2010.??.??"]
[TimeControl "1500"]

1. e4 Nf6 2. e5 Nd5 3. c4 Nb6 4. d4 d6 5. f4 dxe5 6. fxe5 Nc6 7. Nf3 Bg4 8. Be3
e6 9. Nc3 Be7 10. Be2 O-O 11. O-O f6 12. c5 Nd5 13. Nxd5 Qxd5 14. h3 Bh5 15.
exf6 Bxf6 16. g4 Bg6 17. Qa4 Qe4 18. Qb3 Nxd4 19. Bxd4 Bxd4+ 20. Nxd4 Qxd4+ 21.
Kg2 Be4+ 22. Bf3 Bxf3+ 23. Rxf3 Rxf3 24. Kxf3 Rf8+ 25. Kg2 Rf2+ 26. Kh1 Qe4+
0-1

[Event "SR 4. liga A21 2010/2011"]
[Site "?"]
[Date "2011.01.23"]
[Round "7.3"]
[White "Matejovic, Ludovit"]
[Black "Jablonicky, Boris"]
[Result "1-0"]
[WhiteElo "1610"]
[BlackElo "1745"]
[PlyCount "71"]
[EventDate "2010.??.??"]
[TimeControl "1500"]

1. e4 e5 2. Nf3 Nc6 3. Bc4 Be7 4. Nc3 Nf6 5. d4 exd4 6. Nxd4 O-O 7. Nxc6 bxc6
8. e5 Ne8 9. Qh5 d6 10. Bf4 Be6 11. Bd3 g6 12. Qf3 d5 13. Bh6 Ng7 14. Qf4 a6
15. h4 c5 16. g4 c4 17. Be2 Rb8 18. Nd1 a5 19. g5 a4 20. h5 c6 21. Qh2 Bxg5 22.
hxg6 Bh4 23. gxh7+ Kxh7 24. Bxg7 Kxg7 25. Qxh4 Qxh4 26. Rxh4 Bf5 27. Ne3 Bg6
28. Kd2 Rxb2 29. Rg4 f5 30. Rf4 Bh7 31. Rg1+ Kf7 32. Nxf5 Ke6 33. Nd4+ Ke7 34.
Rg7+ Ke8 35. Rxf8+ Kxf8 36. Rxh7 1-0

[Event "SR 4. liga A21 2010/2011"]
[Site "?"]
[Date "2011.01.23"]
[Round "7.3"]
[White "Nemsak, Denis"]
[Black "Jablonicky, Martin"]
[Result "1-0"]
[WhiteElo "1791"]
[BlackElo "1884"]
[PlyCount "95"]
[EventDate "2010.??.??"]
[TimeControl "1500"]

1. c4 Nf6 2. Nc3 d5 3. cxd5 Nxd5 4. d4 g6 5. e4 Nxc3 6. bxc3 Bg7 7. Nf3 O-O 8.
Be3 c5 9. Bc4 Qa5 10. Qb3 e6 11. O-O Nc6 12. Rfd1 cxd4 13. cxd4 Qb4 14. Qxb4
Nxb4 15. Rab1 Nc6 16. d5 Na5 17. Be2 exd5 18. exd5 Bf5 19. Rb5 b6 20. Nd4 Bc8
21. Bf3 Ba6 22. Rb4 Rad8 23. Nc6 Nxc6 24. dxc6 Rxd1+ 25. Bxd1 Rd8 26. Bf3 Bc8
27. Ra4 a6 28. Bxb6 Re8 29. Be3 Bh6 30. Ra3 Bxe3 31. fxe3 Kf8 32. Kf2 Ke7 33.
Be2 Be6 34. Rxa6 Kd6 35. Bf3 Rb8 36. Ra3 Rb2+ 37. Kg3 Rxa2 38. Rxa2 Bxa2 39.
Kf4 Be6 40. g4 f6 41. h4 Bc4 42. g5 f5 43. e4 fxe4 44. Bxe4 Be6 45. Bf3 Bc8 46.
Ke4 Kxc6 47. Ke5+ Kc5 48. Bd5 1-0

[Event "SR 4. liga A21 2010/2011"]
[Site "?"]
[Date "2011.01.23"]
[Round "7.3"]
[White "Oravec, Pavol"]
[Black "Lezovic, Martin"]
[Result "1-0"]
[WhiteElo "1373"]
[BlackElo "1516"]
[PlyCount "115"]
[EventDate "2010.??.??"]
[TimeControl "1500"]

1. e4 e5 2. Nf3 Nc6 3. Bc4 Be7 4. O-O Nf6 5. Re1 d6 6. c3 O-O 7. d4 h6 8. h3
Nh7 9. Nbd2 Ng5 10. Nf1 Bf6 11. d5 Na5 12. Bd3 b6 13. Ng3 Nb7 14. Be3 Nc5 15.
Bc2 Re8 16. Nd2 Nd7 17. Qh5 Nf8 18. Ba4 Bd7 19. Bxd7 Qxd7 20. h4 Ngh7 21. Nf5
Ng6 22. g3 Ne7 23. Rad1 Kh8 24. Qg4 g6 25. Nxh6 Qxg4 26. Nxg4 Bg7 27. Nf3 f5
28. exf5 gxf5 29. Ngh2 Nf6 30. Ng5 Nexd5 31. Nf1 Nxe3 32. Nxe3 f4 33. Nf5 fxg3
34. fxg3 Nh5 35. Kh2 Kg8 36. Rf1 Rac8 37. Nxg7 Kxg7 38. Rf7+ Kg8 39. Rdf1 Ng7
40. g4 Rf8 41. Kg3 Rxf7 42. Rxf7 Ne6 43. Rf5 Nf4 44. h5 Kg7 45. Rf7+ Kg8 46. h6
Ne2+ 47. Kf2 Nf4 48. Rg7+ Kf8 49. Nh7+ Ke8 50. Nf6+ Kf8 51. Rg8+ Kf7 52. Rxc8
Kxf6 53. Rxc7 e4 54. h7 Ng6 55. Ke3 Nh8 56. Kxe4 Kg6 57. Rxa7 Nf7 58. Rxf7 1-0

[Event "SR 4. liga A21 2010/2011"]
[Site "?"]
[Date "2011.01.23"]
[Round "7.3"]
[White "Rau, Vladimir"]
[Black "Sedlak, Rastislav"]
[Result "1/2-1/2"]
[WhiteElo "1637"]
[BlackElo "1560"]
[PlyCount "68"]
[EventDate "2010.??.??"]
[TimeControl "1500"]

1. d4 d5 2. c4 c6 3. Nc3 Bf5 4. Nf3 Nf6 5. e3 e6 6. Be2 Be7 7. O-O O-O 8. b3
Bb4 9. Bb2 Qa5 10. Qc1 Nbd7 11. a3 Be7 12. Nh4 Bg6 13. Nxg6 fxg6 14. b4 Qc7 15.
c5 e5 16. f3 exd4 17. exd4 b5 18. Qc2 a5 19. Rfb1 axb4 20. axb4 Nh5 21. Bc1 Nf4
22. Be3 Nxe2+ 23. Nxe2 g5 24. Ng3 g6 25. Re1 Bf6 26. Qb3 Kg7 27. Ra2 Ra7 28.
Rxa7 Qxa7 29. f4 gxf4 30. Bxf4 Bxd4+ 31. Be3 Bxe3+ 32. Qxe3 Nf6 33. Qg5 Kh8 34.
Qe5 Qf7 1/2-1/2

[Event "SR 4. liga A21 2010/2011"]
[Site "?"]
[Date "2011.01.23"]
[Round "7.4"]
[White "Cerovsky, Marian"]
[Black "Pericka, Tomas"]
[Result "0-1"]
[WhiteElo "1783"]
[BlackElo "1966"]
[PlyCount "98"]
[EventDate "2010.??.??"]

1. e4 c5 2. Nc3 Nc6 3. Nf3 g6 4. a3 Bg7 5. Bc4 d6 6. d3 Nf6 7. h3 O-O 8. O-O a6
9. Bd2 b5 10. Ba2 Qb6 11. Rb1 a5 12. Nd5 Nxd5 13. Bxd5 e6 14. Bxc6 Qxc6 15. Qc1
Re8 16. Bh6 Bh8 17. Qf4 Ra7 18. Qh4 f5 19. Nh2 Rf7 20. f3 Bb7 21. Qg3 Qc7 22.
h4 d5 23. Qxc7 Rxc7 24. Rfe1 c4 25. Bf4 e5 26. exf5 gxf5 27. d4 Rce7 28. Bg5
Re6 29. dxe5 Bxe5 30. Red1 d4 31. Nf1 b4 32. axb4 axb4 33. h5 Ba6 34. h6 c3 35.
bxc3 bxc3 36. f4 d3 37. Rbc1 Bd4+ 38. Kh2 d2 39. Nxd2 cxd2 40. Rxd2 Be3 41. Rd7
Bxc1 42. Rg7+ Kh8 43. Rf7 Rg8 44. Rxf5 Rxg5 45. fxg5 Rg6 46. Rf8+ Rg8 47. Rf6
Bc8 48. c4 Bxg5 49. c5 Bxf6 0-1

[Event "SR 4. liga A21 2010/2011"]
[Site "?"]
[Date "2011.01.23"]
[Round "7.4"]
[White "Damborsky, Pavol"]
[Black "Spacek, Marcel"]
[Result "0-1"]
[WhiteElo "1649"]
[BlackElo "1724"]
[PlyCount "80"]
[EventDate "2010.??.??"]

1. c4 Nf6 2. Nc3 g6 3. e3 Bg7 4. d4 O-O 5. Nf3 d6 6. Bd3 Nbd7 7. O-O e5 8. dxe5
dxe5 9. Qc2 Qe7 10. h3 Nc5 11. Rd1 e4 12. Nxe4 Ncxe4 13. Rb1 Nc5 14. b4 Nxd3
15. Qxd3 Bf5 16. e4 Bxe4 17. Qe3 Rfe8 18. Rb2 Bxf3 19. Qxf3 Ne4 20. Re2 Ng5 21.
Rxe7 Nxf3+ 22. gxf3 Rxe7 23. Be3 Be5 24. a4 f5 25. Bg5 Re6 26. c5 f4 27. Re1
Rae8 28. Re4 Rf8 29. Bh6 Rf5 30. h4 Kf7 31. Kh2 Bf6 32. Kh3 Rh5 33. Bxf4 Rxh4+
34. Kg3 g5 35. Bxc7 Rhxe4 36. fxe4 Be5+ 37. Bxe5 Rxe5 38. f3 h5 39. f4 Rxe4 40.
fxg5 Rxb4 0-1

[Event "SR 4. liga A21 2010/2011"]
[Site "?"]
[Date "2011.01.23"]
[Round "7.4"]
[White "Pericka, Pavol"]
[Black "Pisecky, Jan"]
[Result "1-0"]
[WhiteElo "1729"]
[BlackElo "1529"]
[PlyCount "61"]
[EventDate "2010.??.??"]

1. e4 e5 2. Nf3 d6 3. Bc4 h6 4. Nc3 Nf6 5. h3 c6 6. O-O Nbd7 7. d4 Be7 8. Be3
b5 9. Bd3 a6 10. b4 a5 11. a3 a4 12. Ne2 Ba6 13. Ng3 g6 14. Qd2 Bf8 15. Nh2 Bg7
16. f4 exd4 17. Bxd4 Nxe4 18. Bxe4 Bxd4+ 19. Qxd4 O-O 20. Bxc6 Rc8 21. Bxd7
Qxd7 22. Ne4 f5 23. Nf6+ Rxf6 24. Qxf6 Rxc2 25. Qxg6+ Kf8 26. Qxh6+ Kg8 27.
Qg6+ Kh8 28. Rae1 Qa7+ 29. Kh1 Rxg2 30. Qxg2 Bb7 31. Nf3 1-0

[Event "SR 4. liga A21 2010/2011"]
[Site "?"]
[Date "2011.01.23"]
[Round "7.4"]
[White "Skapik, Branislav"]
[Black "Dubecky, Ladislav"]
[Result "1-0"]
[WhiteElo "1887"]
[BlackElo "1551"]
[PlyCount "62"]
[EventDate "2010.??.??"]

1. c4 e5 2. Nc3 Nf6 3. Nf3 d6 4. d3 Be7 5. g3 O-O 6. Bg2 Nc6 7. O-O Bg4 8. Rb1
Rb8 9. Be3 a6 10. b4 Qd7 11. b5 axb5 12. cxb5 Nd8 13. Qc2 Rc8 14. d4 exd4 15.
Nxd4 Bh3 16. Rfd1 Bxg2 17. Kxg2 Qg4 18. Nf5 Re8 19. Nd5 Nxd5 20. Rxd5 Bf6 21.
Rc1 Be7 22. Nxe7+ Rxe7 23. Rxd6 Ne6 24. Rd2 Rce8 25. h3 Qh5 26. a4 b6 27. Qd1
Rc8 28. Bxb6 Qf5 29. Bxc7 Rce8 30. b6 Ng5 31. g4 Ne4 1-0

[Event "SR 4. liga A21 2010/2011"]
[Site "?"]
[Date "2011.01.23"]
[Round "7.4"]
[White "Spacek, Oliver"]
[Black "Kovarik, Oto"]
[Result "1-0"]
[WhiteElo "1887"]
[BlackElo "2025"]
[PlyCount "93"]
[EventDate "2010.??.??"]

1. d4 d5 2. c4 e6 3. Nc3 Be7 4. Nf3 Nf6 5. Bg5 Nbd7 6. e3 b6 7. Ne5 O-O 8. Nc6
Qe8 9. cxd5 exd5 10. Nxe7+ Qxe7 11. Nxd5 Qd6 12. Nxf6+ Nxf6 13. Bxf6 Qxf6 14.
Be2 c5 15. Bf3 Ba6 16. Bxa8 Rxa8 17. Qf3 Qd8 18. d5 Qd6 19. O-O-O Re8 20. Rhe1
c4 21. Qf4 Qb4 22. d6 Rd8 23. d7 Qe7 24. Qd6 Qg5 25. Rd5 Qf6 26. Qxf6 gxf6 27.
e4 Bb7 28. Rd4 b5 29. e5 f5 30. Kc2 Kf8 31. f3 Ke7 32. Red1 Ke6 33. Kc3 a5 34.
Rd6+ Kxe5 35. Rb6 Ba8 36. Rxb5+ Ke6 37. Rxa5 Bb7 38. Rb5 Ba8 39. Rb6+ Ke7 40.
Kxc4 h5 41. Kc5 h4 42. Rbd6 f6 43. Re1+ Kf7 44. Kb6 h3 45. Kc7 hxg2 46. Kxd8
Bxf3 47. Kc7 1-0

[Event "SR 4. liga A21 2010/2011"]
[Site "?"]
[Date "2011.01.23"]
[Round "7.5"]
[White "Adamec, Jozef"]
[Black "Danada, Tomas"]
[Result "0-1"]
[WhiteElo "1444"]
[BlackElo "1838"]
[PlyCount "74"]
[EventDate "2010.??.??"]

1. e4 d5 2. e5 d4 3. d3 c5 4. Bf4 Nc6 5. Nd2 Bf5 6. Ngf3 e6 7. Ng5 Nxe5 8. Nxe6
Nxd3+ 9. Bxd3 Bxe6 10. O-O Nf6 11. Re1 Be7 12. Bb5+ Bd7 13. Bxd7+ Qxd7 14. Nc4
O-O 15. b3 Rfe8 16. Qf3 Qd5 17. Qd3 Nd7 18. Re2 Bf6 19. Rae1 Rxe2 20. Rxe2 b5
21. Nd6 a6 22. c4 bxc4 23. bxc4 Qh5 24. f3 Qg6 25. Nf5 Nf8 26. g4 Ne6 27. Bg3
Ra7 28. Qb3 Rd7 29. Bd6 h5 30. h3 Kh7 31. a4 d3 32. Rd2 Nd4 33. Nxd4 Bxd4+ 34.
Kg2 Rxd6 35. Rxd3 Rb6 36. Qd1 Rb2+ 37. Rd2 Qd3 0-1

[Event "SR 4. liga A21 2010/2011"]
[Site "?"]
[Date "2011.01.23"]
[Round "7.5"]
[White "Dedacek, Miroslav"]
[Black "Gasa, Patrik"]
[Result "0-1"]
[WhiteElo "1595"]
[BlackElo "1706"]
[PlyCount "68"]
[EventDate "2010.??.??"]

1. e4 c5 2. Nf3 Nc6 3. d4 cxd4 4. Nxd4 Nf6 5. Nxc6 bxc6 6. Nc3 e6 7. a3 d5 8.
exd5 cxd5 9. Qd4 Be7 10. Be2 O-O 11. O-O Nd7 12. Be3 Bf6 13. Qd2 Qe7 14. f4 Nc5
15. Bd4 Rd8 16. Qe3 Bxd4 17. Qxd4 Bb7 18. b4 Ne4 19. Nxe4 dxe4 20. Qe3 Rdc8 21.
c4 f5 22. c5 a5 23. Rad1 Bd5 24. Qc3 axb4 25. axb4 Ra7 26. Ra1 Rac7 27. Ra6 h6
28. Rfa1 g5 29. Qg3 Qg7 30. fxg5 hxg5 31. h4 g4 32. Qe3 Qf6 33. g3 Qg7 34. Rd6
Qxa1+ 0-1

[Event "SR 4. liga A21 2010/2011"]
[Site "?"]
[Date "2011.01.23"]
[Round "7.5"]
[White "Diviak, Rudolf"]
[Black "Florek, Jozef"]
[Result "1-0"]
[WhiteElo "1887"]
[BlackElo "1533"]
[PlyCount "41"]
[EventDate "2010.??.??"]

1. e4 e5 2. Nf3 Nc6 3. Bc4 Bc5 4. c3 d6 5. d4 Bb6 6. O-O f6 7. Nh4 Nge7 8. Be3
Nb8 9. Qh5+ g6 10. Qh6 Kd7 11. dxe5 fxe5 12. Bxb6 axb6 13. f4 Qf8 14. Qg5 Qg7
15. f5 h6 16. Qg4 Ke8 17. Nxg6 Rh7 18. Qh5 Nxg6 19. fxg6 Rh8 20. Rf7 Qg8 21. g7
1-0

[Event "SR 4. liga A21 2010/2011"]
[Site "?"]
[Date "2011.01.23"]
[Round "7.5"]
[White "Jozefek, Michal"]
[Black "Kicinja, Jan"]
[Result "0-1"]
[WhiteElo "1899"]
[BlackElo "1808"]
[PlyCount "94"]
[EventDate "2010.??.??"]

1. d4 d5 2. c4 c6 3. Nf3 e6 4. e3 Nf6 5. b3 Bb4+ 6. Bd2 Qa5 7. Bxb4 Qxb4+ 8.
Qd2 Qxd2+ 9. Nbxd2 Nbd7 10. Bd3 O-O 11. O-O Re8 12. Rfe1 e5 13. e4 dxe4 14.
Nxe4 exd4 15. Nxd4 Nxe4 16. Bxe4 Nf6 17. Bc2 Bd7 18. Nf5 Rxe1+ 19. Rxe1 Re8 20.
Kf1 Kf8 21. Rxe8+ Nxe8 22. Ke2 g6 23. Nd4 Ke7 24. Ke3 c5 25. Nf3 Nd6 26. Kf4 h6
27. Ke5 Bc6 28. Kf4 f5 29. h4 Kf6 30. g4 Bxf3 31. Kxf3 fxg4+ 32. Kxg4 h5+ 33.
Kf4 a5 34. Bd3 Nf7 35. Be4 b6 36. Bc2 g5+ 37. Kg3 g4 38. Kf4 Ne5 39. Be4 a4 40.
Kg3 axb3 41. axb3 Nf7 42. Kf4 Nd6 43. Bd3 Nb7 44. Bc2 Na5 45. Ke4 Nc6 46. Kf4
Nd4 47. Bd1 Nf5 0-1

[Event "SR 4. liga A21 2010/2011"]
[Site "?"]
[Date "2011.01.23"]
[Round "7.5"]
[White "Pagerka, Slavomir"]
[Black "Kyselica, Jozef"]
[Result "1-0"]
[WhiteElo "1742"]
[BlackElo "1528"]
[PlyCount "115"]
[EventDate "2010.??.??"]

1. e4 c5 2. Nf3 Nc6 3. d4 cxd4 4. Nxd4 Nxd4 5. Qxd4 d6 6. Bb5+ Bd7 7. Nc3 Bxb5
8. Nxb5 a6 9. Nc3 e6 10. O-O Nf6 11. Bg5 Be7 12. Rad1 Qc7 13. Bxf6 gxf6 14.
Qa4+ Qc6 15. Qxc6+ bxc6 16. Na4 Rb8 17. c4 c5 18. Rd3 O-O 19. f4 Kh8 20. Rff3
Rg8 21. Rg3 Rxg3 22. Rxg3 Bd8 23. f5 Bc7 24. Re3 Kg7 25. h3 Rg8 26. Rg3+ Kf8
27. Rxg8+ Kxg8 28. Kf2 Kg7 29. Kf3 h5 30. Nc3 Kh6 31. h4 Ba5 32. Ke3 Kg7 33.
Ke2 Kf8 34. Nd1 Bd8 35. Nf2 Kg7 36. Nd3 e5 37. Nf2 a5 38. b3 Kh6 39. Nd1 Kg7
40. Nc3 Kf8 41. Nd5 Ke8 42. Kd2 Kf8 43. Kc2 Kg7 44. Nc3 Kf8 45. Kb2 Ke8 46. Ne2
Ke7 47. Ng3 a4 48. Nxh5 axb3 49. Kxb3 Ba5 50. Ka4 Be1 51. g3 d5 52. cxd5 c4 53.
Ka3 Bc3 54. g4 Bd2 55. Kb2 Kd6 56. Nxf6 Kc5 57. g5 Kd4 58. Kc2 1-0

[Event "SR 4. liga A21 2010/2011"]
[Site "?"]
[Date "2011.01.23"]
[Round "7.6"]
[White "Bjel, Tomas"]
[Black "Planka, Peter"]
[Result "1-0"]
[WhiteElo "1743"]
[BlackElo "1798"]
[PlyCount "65"]
[EventDate "2010.??.??"]

1. e4 e5 2. Nf3 Nc6 3. Bc4 Nf6 4. d3 Be7 5. Nc3 d6 6. h3 O-O 7. a3 Na5 8. Ba2
c5 9. O-O Nc6 10. Nh2 Nd4 11. f4 exf4 12. Bxf4 Be6 13. Nd5 Nxd5 14. exd5 Bc8
15. c3 Nf5 16. Bb1 Bg5 17. Qd2 Bxf4 18. Qxf4 Qe7 19. d4 Qe3+ 20. Qf2 Qxf2+ 21.
Rxf2 Ne7 22. dxc5 dxc5 23. c4 Re8 24. Re2 Bd7 25. Bd3 Bf5 26. Bxf5 Nxf5 27.
Rae1 Kf8 28. Nf3 Rxe2 29. Rxe2 Re8 30. Kf2 Rxe2+ 31. Kxe2 Ke7 32. b4 cxb4 33.
axb4 {time} 1-0

[Event "SR 4. liga A21 2010/2011"]
[Site "?"]
[Date "2011.01.23"]
[Round "7.6"]
[White "Danihel, Jozef"]
[Black "Bjel, Lubos"]
[Result "0-1"]
[WhiteElo "1552"]
[BlackElo "1665"]
[PlyCount "104"]
[EventDate "2010.??.??"]

1. d4 e6 2. c4 d5 3. Nc3 Nf6 4. Nf3 dxc4 5. e4 Bb4 6. Qc2 b5 7. Bd2 Bxc3 8.
Bxc3 Bb7 9. Nd2 a5 10. a3 b4 11. axb4 axb4 12. Rxa8 bxc3 13. Qa4+ Nfd7 14. bxc3
Bxa8 15. Qxa8 Nb6 16. Qa3 Qd6 17. Qxd6 cxd6 18. Bxc4 Ke7 19. Ke2 Rc8 20. Kd3
Na4 21. Nb1 Nb2+ 22. Ke2 Nxc4 23. Nd2 Nxd2 24. Kxd2 Nd7 25. Rb1 Rb8 26. Rc1
Rb2+ 27. Ke3 Nf6 28. h3 d5 29. e5 Ne4 30. f3 Nd2 31. Ra1 g6 32. Ra7+ Kf8 33. g4
Nc4+ 34. Kf4 Rb3 35. Kg5 Kg7 36. h4 Rxc3 37. h5 h6+ 38. Kf4 Nd2 39. g5 hxg5+
40. Kxg5 Nxf3+ 41. Kg4 gxh5+ 42. Kxh5 Nxd4 43. Kg5 Nc6 44. Ra1 Nxe5 45. Kf4
Ng6+ 46. Kg4 f5+ 47. Kg5 Rg3+ 48. Kh5 Kf6 49. Rh1 d4 50. Kh6 d3 51. Kh7 d2 52.
Kg8 Ne7+ 0-1

[Event "SR 4. liga A21 2010/2011"]
[Site "?"]
[Date "2011.01.23"]
[Round "7.6"]
[White "Madzo, Anton"]
[Black "Rajcak, Milan"]
[Result "1-0"]
[WhiteElo "1521"]
[BlackElo "1000"]
[PlyCount "81"]
[EventDate "2010.??.??"]

1. e4 e5 2. Nf3 Nc6 3. b3 Nf6 4. d3 d6 5. Be2 Be7 6. c4 O-O 7. O-O Bg4 8. Bb2
Bxf3 9. Bxf3 Nd4 10. Bxd4 exd4 11. Re1 Nd7 12. Bg4 Ne5 13. f4 Ng6 14. g3 f6 15.
Nd2 c5 16. Bf5 Qe8 17. Qh5 Bd8 18. Bxg6 Qxg6 19. Qd5+ Qf7 20. Qxd6 Ba5 21. Re2
Qh5 22. Qd5+ Qf7 23. Qxc5 Bxd2 24. Rxd2 Kh8 25. Qxd4 b6 26. Re1 Rad8 27. Qe3 h5
28. h4 Qe7 29. f5 Kh7 30. d4 Rfe8 31. Qf3 Qf7 32. g4 g5 33. hxg5 fxg5 34. Rh2
h4 35. e5 Qd7 36. d5 Qc7 37. Rhe2 Qc5+ 38. Qe3 Qxe3+ 39. Rxe3 Kg7 40. d6 Rd7
41. Rd1 1-0

[Event "SR 4. liga A21 2010/2011"]
[Site "?"]
[Date "2011.01.23"]
[Round "7.6"]
[White "Smrek, Peter"]
[Black "Kubis, Ivan"]
[Result "0-1"]
[WhiteElo "1882"]
[BlackElo "1980"]
[PlyCount "43"]
[EventDate "2010.??.??"]

1. e4 e5 2. Nf3 Nc6 3. Bc4 Nf6 4. Nc3 Nxe4 5. Nxe4 d5 6. Bb5 dxe4 7. Nxe5 Qg5
8. d4 Qxg2 9. Rf1 a6 10. Bxc6+ bxc6 11. Qh5 Bh3 12. Qxf7+ Kd8 13. Nxc6+ Kc8 14.
Qe8+ Kb7 15. Na5+ Ka7 16. Nc6+ Kb6 17. Qxa8 Qxf1+ 18. Kd2 Bb4+ 19. Nxb4 Rxa8
20. b3 Rd8 21. Kc3 Qxf2 22. Bg5 0-1

[Event "SR 4. liga A21 2010/2011"]
[Site "?"]
[Date "2011.01.23"]
[Round "7.6"]
[White "Vach, Jozef"]
[Black "Lajda, Dusan"]
[Result "0-1"]
[WhiteElo "1900"]
[BlackElo "1890"]
[PlyCount "92"]
[EventDate "2010.??.??"]

1. d4 d5 2. Nf3 c6 3. g3 Nf6 4. Bg2 Bf5 5. Nbd2 e6 6. O-O Bd6 7. Re1 h6 8. c4
Bb4 9. Qb3 Bxd2 10. Nxd2 Qd7 11. Nf3 dxc4 12. Qxc4 Be4 13. Ne5 Qd5 14. f3 Bh7
15. e4 Qxc4 16. Nxc4 O-O 17. Be3 Rd8 18. Rac1 Ne8 19. Red1 Nd6 20. Nxd6 Rxd6
21. d5 exd5 22. exd5 Bf5 23. f4 cxd5 24. Bxd5 Rd7 25. Rc8+ Kh7 26. Rf8 a5 27.
Rxf7 Rxd5 28. Rc1 Bg6 29. Rxb7 Rd7 30. Rb5 Na6 31. Rxa5 Re8 32. Kf2 Nb4 33. Kf3
Rd3 34. Rc3 Rexe3+ 35. Kg4 Rxc3 36. bxc3 Rxc3 37. h4 Bd3 38. h5 Be2+ 39. Kh4
Rc1 40. g4 Rh1+ 41. Kg3 Nd3 42. Kg2 Rh4 43. g5 hxg5 44. fxg5 Rg4+ 45. Kh3 Nf4+
46. Kh2 Rg2+ 0-1